Southville International School and Colleges
Your cart is empty.
  • Cart
  • Lists
    Public lists Eva Luna New books Lux_list list_1
    Your lists Log in to create your own lists
  • Log in to your account
  • Your cookies
  • Search history
Southville International School and Colleges
  • Advanced search
  • Recent comments
  • Most popular
  • Libraries

Log in to your account

Log in with GOOGLE


If you do not have an external account, but do have a local account, you can still log in:

  1. Home
  2. MARC view: Every day in every way /
Normal view MARC view ISBD view

Every day in every way / (Record no. 103023)

[ view plain ]
MARC details
000 -LEADER
fixed length control field 00545nam a2200169 a 4500
005 - DATE AND TIME OF LATEST TRANSACTION
control field 20140412111248.0
008 - FIXED-LENGTH DATA ELEMENTS--GENERAL INFORMATION
fixed length control field 001120s19uu xx 00 eng d
020 ## - INTERNATIONAL STANDARD BOOK NUMBER
International Standard Book Number 0-8224-2507-6
050 ## - LIBRARY OF CONGRESS CALL NUMBER
Classification number TR(GS 372.21
Item number H724 1989
100 ## - MAIN ENTRY--PERSONAL NAME
Personal name Holley, Cynhtia
245 ## - TITLE STATEMENT
Title Every day in every way /
Statement of responsibility, etc Cynthia Holley, Faraday Burditt.
260 ## - PUBLICATION, DISTRIBUTION, ETC. (IMPRINT)
Place of publication, distribution, etc Belmont, CA :
Name of publisher, distributor, etc Fearon Teacher Aids.
300 ## - PHYSICAL DESCRIPTION
Extent 127 p.
650 ## - SUBJECT ADDED ENTRY--TOPICAL TERM
Topical term or geographic name as entry element Preschool education -- activity programs
650 ## - SUBJECT ADDED ENTRY--TOPICAL TERM
Topical term or geographic name as entry element Preschool education -- curricula - handbooks, manual, etc.
Holdings
Withdrawn status Lost status Damaged status Home library Current library Shelving location Date acquired Source of acquisition Total Checkouts Full call number Barcode Date last seen Price effective from Koha item type
      Elizalde Library Elizalde Library Teachers Reference Section 11/20/2000     TR(GS 372.21 H724 1989 E3648 04/12/2014 04/12/2014 Books

Every day in every way /

APA

Holley C., .Every day in every way. Belmont, CA: Fearon Teacher Aids.

Chicago

Holley Cynhtia, .Every day in every way. Belmont, CA: Fearon Teacher Aids.

Harvard

Holley C., .Every day in every way. Belmont, CA: Fearon Teacher Aids.

MLA

Holley Cynhtia, .Belmont, CA: Fearon Teacher Aids. .

  • Place hold
  • Print
  • Cite
  • Add to your cart (remove)
  • Save record
    BIBTEX Dublin Core MARCXML MARC (non-Unicode/MARC-8) MARC (Unicode/UTF-8) MARC (Unicode/UTF-8, Standard) MODS (XML) RIS
  • More searches
    Search for this title in:
    Other Libraries (WorldCat) Other Databases (Google Scholar) Online Stores (Bookfinder.com) Open Library (openlibrary.org)

Exporting to Dublin Core...

SOUTHVILLE LIBRARY

Southville International School and Colleges Library

1281 Tropical Ave. Cor. Luxembourg St., BF Homes International, Las Pinas City

Tel. No. 8256374 / 252358 Loc. 117/146

Powered by Koha